Pokémon commençant par la lettre M (français) - Statistiques

Statistiques générales
  • Ce quiz a été pris 540 fois
    352 depuis la dernière actualisation
  • Le résultat moyen est 69 sur 107
Statistiques - réponses
Numéro Pokémon % Correct
173 Mélo
93%
035 Mélofée
92%
036 Mélodelfe
91%
066 Machoc
88%
067 Machopeur
88%
068 Mackogneur
88%
151 Mew
87%
150 Mewtwo
86%
126 Magmar
84%
167 Mimigal
84%
473 Mammochon
82%
240 Magby
81%
129 Magicarpe
81%
154 Méganium
81%
467 Maganon
80%
168 Migalos
80%
501 Moustillon
79%
153 Macronium
78%
081 Magnéti
77%
082 Magnéton
77%
462 Magnézone
76%
502 Mateloutre
76%
052 Miaouss
76%
043 Mystherbe
76%
122 M. Mime
74%
303 Mysdibule
74%
429 Magirêve
73%
497 Majaspic
73%
650 Marisson
73%
376 Métalosse
73%
132 Métamorph
73%
147 Minidraco
73%
220 Marcacrin
72%
375 Métang
71%
439 Mime Jr.
71%
508 Mastouffe
70%
350 Milobellus
70%
542 Manternel
69%
479 Motisma
69%
253 Massko
68%
048 Mimitoss
68%
594 Mamanbo
67%
648 Meloetta
67%
490 Manaphy
66%
704 Mucuscule
66%
183 Marill
65%
284 Maskadra
65%
726 Matoufeu
65%
434 Moufouette
65%
706 Muplodocus
65%
418 Mustébouée
65%
419 Mustéflott
65%
596 Mygavolt
65%
228 Malosse
64%
1008 Miraidon
64%
195 Maraiste
63%
435 Moufflair
63%
335 Mangriff
62%
575 Mesmérella
62%
831 Moumouton
62%
801 Magearna
61%
556 Maracachi
61%
866 M. Glaquette
61%
999 Mordudor
61%
809 Melmetal
60%
478 Momartik
60%
832 Moumouflon
60%
518 Mushana
60%
758 Malamandre
59%
808 Meltan
59%
569 Miasmax
59%
517 Munna
59%
296 Makuhita
58%
261 Medhyèna
58%
351 Morphéo
58%
734 Manglouton
57%
307 Méditikka
57%
568 Miamiasme
57%
821 Minisange
57%
551 Mascaïman
56%
578 Méios
56%
196 Mentali
56%
908 Miascarade
56%
778 Mimiqui
56%
505 Miradar
56%
608 Mélancolux
54%
753 Mimantis
54%
877 Morpeko
54%
292 Munja
54%
402 Mélokrik
53%
289 Monaflèmit
53%
565 Mégapagos
52%
804 Mandrillon
50%
530 Minotaupe
50%
907 Matourgeon
49%
794 Mouscoto
48%
313 Muciole
48%
774 Météno
47%
438 Manzaï
46%
678 Mistigrix
46%
994 Mite-de-Fer
46%
593 Moyade
46%
937 Malvalame
44%
802 Marshadow
42%
839 Monthracite
41%
679 Monorpale
40%
967 Motorizard
27%
Aucun quiz correspondant
Distribution des résultats
% des personnes avec chaque résultat
Percentile par nombre de réponses
Votre historique - résultats
Vous n’avez pas pris ce quiz depuis la dernière actualisation